000
00206 a2200085 4500
020
_a
9780500342107
100
_a
JAMES STEELE
245
_a
ECOLOGICAL ARCHITECTURE: A CRITICAL HISTORY
260
_b
THAMES & HUDSON
999
_c
13101
_d
13101